000 00696nam a2200253Ia 4500
003 OSt
005 20221005074452.0
006 a|||||r|||| 00| 0
007 ta
008 221004b |||||||| |||| 00| 0 urd d
020 _c150.00
024 _a107376
037 _cTextual
040 _aCRL
_cCRL
_burd
041 _2urd
_aurd
082 _aO168,6N19:g, Q1
100 _aNooruddin Au.
_9222641
245 0 _aKhursheedul Islam ki urdu nasr
_b ek tanqeedi mutala
260 _aNew Delhi
_bMaktab Jamia Ltd. India
_c2011
300 _a192p.
_ccm.
650 _aURDU PROSE
_926866
942 _hO168,6N19:g, Q1
_cTEXL
_2cc
999 _c982753
_d982753